000 00352 a2200169 4500
001 186686
020 _a85-08-00629-2
040 _cMagnum
100 _aBelinky, Tatiana
240 1 0 _aMedroso! medroso!
_lpor
245 1 0 _aMedroso! medroso!
300 _a24
362 0 _a1999
440 1 _aÁtica
697 _aLITERATURA INFANTO
942 _cBK
999 _c186686
_d186686